000 01269nam a22002297a 4500
999 _c57333
_d57333
003 Ge_BSU
005 20200525124206.0
008 200525s2018 xxu||||| |||| 00| 0 geo d
020 _a9789941960703
041 _ageo
080 _a343(479.22)(042.4) ს-32
245 _aსაქართველოს სისხლის სამართალი :
_bზოგადი ნაწილი : [სალექციო კურსი] /
_cჯემალ გახოკიძე ; ზურაბ მელქაძე ; ირაკლი გაბისონია ; გიორგი თოდრია ; რედ. ი. ჯაგოდნიშვილი
264 _aთბილისი :
_bიურისტების სამყარო,
_c2018.
300 _a175 გვ. :
_c20 სმ.
653 _aსაქართველოს სისხლის სამართალი
653 _aსამართალი
700 _aმელქაძე, ზურაბ
_98181
700 _aგაბისონია, ირაკლი
_97024
700 _aთოდრია გიორგი
_92886
700 _aჯაგოდნიშვილი, ი
_eრედაქტორი
_98182
942 _2udc
_cBK